Miasta nad Dunajem - Top 20 - Statystyki

Ogólne statystyki
  • Ten quiz został rozwiązany 19 razy
  • Średni wynik to 7 z 20
Statystyki odpowiedzi
Państwo Populacja Miasto % Poprawnych
Serbia 1.19M Belgrad
100%
Słowacja 478K Bratysława
100%
Węgry 1.68M Budapeszt
100%
Austria 2.02M Wiedeń
100%
Austria 213K Linz
63%
Serbia 260K Nowy Sad
63%
Bułgaria 121K Ruse
32%
Rumunia 217K Gałacz
21%
Węgry 129K Gyor
21%
Niemcy 129K Ulm
21%
Rumunia 154K Braiła
16%
Niemcy 151K Ratyzbona
16%
Ukraina 69.9K Izmaił
11%
Rumunia 65.6K Tulcza
5%
Rumunia 79.8K Drobeta-Turnu Severin
0%
Węgry 71.4K Érd
0%
Niemcy 141K Ingolstadt
0%
Niemcy 62.6K Neu-Ulm
0%
Serbia 73.4K Pančevo
0%
Serbia 59.2K Smederevo
0%
Nie znaleziono quizów pasujących do podanych kryteriów
Rozkład punktacji
Procent ludzi z każdym wynikiem
Percentyl według liczby udzielonych odpowiedzi
Twoja historia wyników
Nie rozwiązałeś tego quizu